[Event "Viktor Kupreichik Memorial Rapid Open"]
[Site "Minsk"]
[Date "2018.06.21"]
[Round "1.1"]
[White "Korobov, Anton"]
[Black "Kirilin, Dmitrij"]
[Result "1-0"]
[WhiteElo "2736"]
[BlackElo "1898"]
[PlyCount "49"]
[EventDate "2018.06.21"]
[EventType "swiss"]
[EventRounds "11"]
[EventCountry "BLR"]
[WhiteTeam "Óêðàèíà"]
[BlackTeam "Áåëîðóññèÿ"]
[WhiteTeamCountry "UKR"]
[BlackTeamCountry "BLR"]

1. d4 d5 2. c4 c6 3. Nf3 Nf6 4. e3 Bf5 5. Nc3 a6 6. a4 e6 7. Nh4 Be4 8. f3 Bg6
9. Qb3 Qc7 10. Bd2 Nbd7 11. Rc1 Rc8 12. Be2 Bd6 13. cxd5 exd5 14. e4 dxe4 15.
Nxg6 hxg6 16. fxe4 Bxh2 17. Kd1 Rh4 18. e5 Nh5 19. Rf1 Nf8 20. Nd5 Qd8 21. Qxb7
f6 22. exf6 Nxf6 23. Qxg7 cxd5 24. Rxc8 Qxc8 25. Qxf6 1-0

[Event "Viktor Kupreichik Memorial Rapid Open"]
[Site "Minsk"]
[Date "2018.06.21"]
[Round "1.4"]
[White "Talma, Sergei"]
[Black "Mamedov, Rauf"]
[Result "0-1"]
[WhiteElo "1858"]
[BlackElo "2711"]
[PlyCount "67"]
[EventDate "2018.06.21"]
[EventType "swiss"]
[EventRounds "11"]
[EventCountry "BLR"]
[WhiteTeam "Áåëîðóññèÿ"]
[BlackTeam "Àçåéðáàäæàí"]
[WhiteTeamCountry "BLR"]
[BlackTeamCountry "AZE"]

1. d4 d6 2. e4 g6 3. Nc3 Bg7 4. Bg5 h6 5. Be3 c6 6. Nf3 Nf6 7. h3 b5 8. Bd3 b4
9. Ne2 Nbd7 10. Qd2 c5 11. c3 bxc3 12. bxc3 Bb7 13. d5 Qa5 14. Rb1 Ba6 15. O-O
O-O 16. c4 Qxd2 17. Bxd2 Nb6 18. Rfc1 Rfe8 19. Ba5 Rab8 20. Bxb6 axb6 21. Nc3
Nd7 22. Nb5 Bxb5 23. Rxb5 Ra8 24. Bb1 h5 25. Re1 Ra4 26. Rc1 Rea8 27. Kf1 Ra3
28. Ke2 Bh6 29. Rc2 R8a6 30. Nd2 Ne5 31. Rb3 R3a4 32. Rbc3 Rb4 33. Nb3 Raa4 34.
Nd2 0-1

[Event "Viktor Kupreichik Memorial Rapid Open"]
[Site "Minsk"]
[Date "2018.06.21"]
[Round "1.5"]
[White "Kovalev, Vladislav"]
[Black "Tyurin, Artem"]
[Result "1-0"]
[WhiteElo "2631"]
[BlackElo "1855"]
[PlyCount "88"]
[EventDate "2018.06.21"]
[EventType "swiss"]
[EventRounds "11"]
[EventCountry "BLR"]
[WhiteTeam "Áåëîðóññèÿ"]
[BlackTeam "Ðîññèÿ"]
[WhiteTeamCountry "BLR"]
[BlackTeamCountry "RUS"]

1. d4 Nf6 2. Bf4 g6 3. Nc3 d5 4. e3 Bg7 5. h4 c5 6. Nb5 Na6 7. c3 c4 8. b3 cxb3
9. axb3 O-O 10. h5 Bd7 11. hxg6 fxg6 12. Nf3 Ne4 13. c4 Bxb5 14. cxb5 Nb4 15.
Be2 Rc8 16. O-O Rc2 17. Bd3 Nc3 18. Bxc2 Nxd1 19. Bxd1 Qb6 20. Be2 Nc2 21. Rac1
Nxd4 22. Nxd4 e5 23. Bxe5 Bxe5 24. Rfd1 Rd8 25. Rc2 Bxd4 26. Rxd4 Kg7 27. b4 h5
28. Rc5 a5 29. bxa6 bxa6 30. g3 Qf6 31. Kg2 Rf8 32. Rf4 Qe5 33. Rxf8 Kxf8 34.
Bf3 Qb2 35. Ra5 Qxb4 36. Rxa6 Kg7 37. Ra7+ Kh6 38. Rd7 g5 39. Bxd5 g4 40. Rc7
Kg5 41. Rc4 Qb5 42. Rd4 h4 43. gxh4+ Kxh4 44. Bf3 Qd7 1-0

[Event "Viktor Kupreichik Memorial Rapid Open"]
[Site "Minsk"]
[Date "2018.06.21"]
[Round "1.6"]
[White "Zeliantsova, Kseniya"]
[Black "Aleksandrov, Aleksej"]
[Result "0-1"]
[WhiteElo "1844"]
[BlackElo "2597"]
[PlyCount "134"]
[EventDate "2018.06.21"]
[EventType "swiss"]
[EventRounds "11"]
[EventCountry "BLR"]
[WhiteTeam "Áåëîðóññèÿ"]
[BlackTeam "Áåëîðóññèÿ"]
[WhiteTeamCountry "BLR"]
[BlackTeamCountry "BLR"]

1. e4 e5 2. Nf3 Nc6 3. Bb5 a6 4. Ba4 Nf6 5. O-O Be7 6. Re1 b5 7. Bb3 d6 8. c3
O-O 9. h3 Bb7 10. d4 Nd7 11. Nbd2 Re8 12. Nf1 exd4 13. cxd4 Bf6 14. Ng3 Na5 15.
Bc2 c5 16. d5 g6 17. Rb1 Nc4 18. b3 Ncb6 19. Bf4 Ne5 20. Nxe5 Bxe5 21. Bxe5
Rxe5 22. f4 Re8 23. Qg4 Bc8 24. f5 Nd7 25. Rf1 Ne5 26. Qf4 Qe7 27. h4 h5 28.
Bd1 Kh7 29. Be2 Bd7 30. Rbc1 a5 31. Rc3 b4 32. Re3 a4 33. Nh1 axb3 34. axb3 Ra2
35. Nf2 Rxe2 36. Rxe2 Bb5 37. Ree1 Bxf1 38. Rxf1 Nd7 39. fxg6+ fxg6 40. Qf3 Rf8
41. Qg3 Qf6 42. Rd1 Qf4 43. Qxf4 Rxf4 44. g3 Rf3 45. Rd3 Rf8 46. Kg2 Ra8 47.
Nh3 Ra2+ 48. Kg1 Ne5 49. Re3 Rb2 50. Kf1 Kg7 51. Ke1 Kf6 52. Kd1 Rh2 53. Re2
Rh1+ 54. Kc2 Ng4 55. Ng5 Rg1 56. e5+ Nxe5 57. Ne4+ Ke7 58. Rf2 Re1 59. Rf4 Re3
60. Kb1 Rxb3+ 61. Kc2 Re3 62. Kd2 Rd3+ 63. Kc2 Rxd5 64. Nf6 Rd4 65. Rxd4 cxd4
66. Nd5+ Ke6 67. Nxb4 Kf5 0-1

[Event "Viktor Kupreichik Memorial Rapid Open"]
[Site "Minsk"]
[Date "2018.06.21"]
[Round "1.7"]
[White "Fedorov, Alexei"]
[Black "Kruglikova, Viktorija"]
[Result "1-0"]
[WhiteElo "2577"]
[BlackElo "1839"]
[PlyCount "77"]
[EventDate "2018.06.21"]
[EventType "swiss"]
[EventRounds "11"]
[EventCountry "BLR"]
[WhiteTeam "Áåëîðóññèÿ"]
[BlackTeam "Ðîññèÿ"]
[WhiteTeamCountry "BLR"]
[BlackTeamCountry "RUS"]

1. e4 c5 2. d3 Nc6 3. g3 d6 4. Bg2 Nf6 5. f4 e5 6. Nf3 Be7 7. O-O O-O 8. Nc3 a6
9. h3 b5 10. g4 Qb6 11. g5 Nd7 12. Nd5 Qd8 13. f5 f6 14. g6 h6 15. Nh2 Re8 16.
Qh5 Bf8 17. Ng4 Nb4 18. Bxh6 gxh6 19. Nde3 Qe7 20. a3 Nc6 21. Nd5 Qg7 22. Qh4
Bb7 23. Ndxf6+ Nxf6 24. Nxf6+ Kh8 25. Nh5 Qg8 26. g7+ Bxg7 27. f6 Bxf6 28. Nxf6
Qg5 29. Qxg5 hxg5 30. Nxe8 Rxe8 31. Rf7 Bc8 32. Raf1 Kg8 33. R7f6 Be6 34. Rg6+
Kh7 35. Rxg5 Nd4 36. Rf2 c4 37. Bf1 cxd3 38. Bxd3 Kh6 39. h4 1-0

[Event "Viktor Kupreichik Memorial Rapid Open"]
[Site "Minsk"]
[Date "2018.06.21"]
[Round "1.8"]
[White "Polovkov, Valery"]
[Black "Meshkovs, Nikita"]
[Result "0-1"]
[WhiteElo "1830"]
[BlackElo "2572"]
[PlyCount "61"]
[EventDate "2018.06.21"]
[EventType "swiss"]
[EventRounds "11"]
[EventCountry "BLR"]
[WhiteTeam "Ðîññèÿ"]
[BlackTeam "Ëàòâèÿ"]
[WhiteTeamCountry "RUS"]
[BlackTeamCountry "LAT"]

1. d4 Nf6 2. Nf3 e6 3. c4 b6 4. Nc3 Bb7 5. e3 d5 6. cxd5 exd5 7. Bd3 Bd6 8. O-O
O-O 9. Nb5 Be7 10. Ne5 c5 11. Bd2 Nc6 12. Rc1 a6 13. Nc3 Bd6 14. Nxc6 Bxc6 15.
Bf5 Re8 16. Re1 c4 17. f3 g6 18. Bb1 Bc7 19. Re2 Qd6 20. g4 b5 21. a3 a5 22.
Be1 b4 23. axb4 axb4 24. Na2 Rab8 25. Qd2 Qf8 26. g5 Nh5 27. e4 Bf4 28. Qd1
Bxg5 29. exd5 Bxd5 30. Be4 Nf4 31. Ra1 0-1

[Event "Viktor Kupreichik Memorial Rapid Open"]
[Site "Minsk"]
[Date "2018.06.21"]
[Round "1.10"]
[White "Rybakova, Polina"]
[Black "Notkin, Maksim"]
[Result "0-1"]
[WhiteElo "1826"]
[BlackElo "2455"]
[PlyCount "86"]
[EventDate "2018.06.21"]
[EventType "swiss"]
[EventRounds "11"]
[EventCountry "BLR"]
[WhiteTeam "Ðîññèÿ"]
[BlackTeam "Ðîññèÿ"]
[WhiteTeamCountry "RUS"]
[BlackTeamCountry "RUS"]

1. e4 c5 2. Nf3 Nc6 3. Bb5 g6 4. O-O Bg7 5. c3 Nf6 6. Re1 O-O 7. d4 cxd4 8.
cxd4 d5 9. Nc3 dxe4 10. Bxc6 bxc6 11. Nxe4 Nxe4 12. Rxe4 Bf5 13. Re1 Rb8 14.
Qa4 Qc7 15. Ne5 Rfc8 16. Bf4 Qb6 17. Nxc6 Rxc6 18. Bxb8 Bxd4 19. Bg3 Bc2 20.
Qa3 e5 21. Qe7 Re6 22. Qg5 Qxb2 23. Qd8+ Kg7 24. Rac1 Ba4 25. Qc7 h5 26. Qc4
Bb5 27. Qc2 Qb4 28. h3 Bc6 29. Qc4 Qb7 30. Qd3 Bxg2 31. Rb1 Qa8 32. Kh2 Bd5 33.
f4 Ra6 34. fxe5 Rxa2+ 35. Re2 Be4 36. Qxd4 Rxe2+ 37. Kg1 Rg2+ 38. Kf1 Rxg3 39.
e6+ f6 40. Qd7+ Kh6 41. Rc1 Bd3+ 42. Ke1 Qe4+ 43. Kd2 Qe2+ 0-1

[Event "Viktor Kupreichik Memorial Rapid Open"]
[Site "Minsk"]
[Date "2018.06.21"]
[Round "1.11"]
[White "Shevchenko, Kirill"]
[Black "Pashkov, Vladimir M"]
[Result "1-0"]
[WhiteElo "2432"]
[BlackElo "1812"]
[PlyCount "61"]
[EventDate "2018.06.21"]
[EventType "swiss"]
[EventRounds "11"]
[EventCountry "BLR"]
[WhiteTeam "Óêðàèíà"]
[BlackTeam "Ðîññèÿ"]
[WhiteTeamCountry "UKR"]
[BlackTeamCountry "RUS"]

1. e4 c5 2. Nf3 Nc6 3. Bb5 Qc7 4. O-O e5 5. Re1 Nf6 6. c3 Be7 7. h3 O-O 8. d3
d6 9. Nbd2 h6 10. Nf1 a6 11. Ba4 b5 12. Bb3 Be6 13. Ne3 Na5 14. Bc2 Rfd8 15. d4
Rac8 16. d5 Bd7 17. b3 c4 18. b4 Nb7 19. a4 Ra8 20. a5 Re8 21. Nh2 Qc8 22. Qf3
Rf8 23. Nhf1 Nh7 24. Ng3 Ng5 25. Qh5 Be8 26. Nef5 Qd8 27. Nxg7 Kxg7 28. Nf5+
Kg8 29. Qxh6 Bf6 30. Bxg5 Bg7 31. Qxg7# 1-0

[Event "Viktor Kupreichik Memorial Rapid Open"]
[Site "Minsk"]
[Date "2018.06.21"]
[Round "1.12"]
[White "Girshgorn, Maria"]
[Black "Bernotas, Arturs"]
[Result "0-1"]
[WhiteElo "1805"]
[BlackElo "2410"]
[PlyCount "62"]
[EventDate "2018.06.21"]
[EventType "swiss"]
[EventRounds "11"]
[EventCountry "BLR"]
[WhiteTeam "Ðîññèÿ"]
[BlackTeam "Ëàòâèÿ"]
[WhiteTeamCountry "RUS"]
[BlackTeamCountry "LAT"]

1. d4 Nf6 2. Nf3 e6 3. g3 b5 4. Bg2 Bb7 5. O-O c5 6. b3 cxd4 7. Bb2 Be7 8. Bxd4
O-O 9. Nbd2 Nc6 10. Bb2 d5 11. Nd4 Qb6 12. N2f3 Rac8 13. Nxc6 Qxc6 14. Rc1 Rfd8
15. e3 Ne4 16. Ne5 Qc7 17. Ng4 Nc3 18. Bxc3 Qxc3 19. Qd4 h5 20. Ne5 Qxd4 21.
exd4 Ba3 22. c4 f6 23. Ng6 Kf7 24. Nf4 Bxc1 25. Rxc1 bxc4 26. bxc4 Rxc4 27.
Rxc4 dxc4 28. Bxb7 c3 29. Ne2 c2 30. d5 exd5 31. Ba6 Re8 0-1

[Event "Viktor Kupreichik Memorial Rapid Open"]
[Site "Minsk"]
[Date "2018.06.21"]
[Round "2.1"]
[White "Kuznetsov, Mikhail V"]
[Black "Korobov, Anton"]
[Result "0-1"]
[WhiteElo "2162"]
[BlackElo "2736"]
[PlyCount "90"]
[EventDate "2018.06.21"]
[EventType "swiss"]
[EventRounds "11"]
[EventCountry "BLR"]
[WhiteTeam "Ðîññèÿ"]
[BlackTeam "Óêðàèíà"]
[WhiteTeamCountry "RUS"]
[BlackTeamCountry "UKR"]

1. d4 Nf6 2. Nf3 e6 3. Bf4 b6 4. e3 Bb7 5. Bd3 Be7 6. h3 c5 7. c3 O-O 8. Nbd2
d5 9. Ne5 Nc6 10. Nxc6 Bxc6 11. O-O Bd6 12. Bxd6 Qxd6 13. f4 b5 14. Nf3 b4 15.
cxb4 c4 16. Bc2 Qxb4 17. Ne5 Bb5 18. Rf2 Rab8 19. g4 Ne4 20. Bxe4 dxe4 21. g5
Rfc8 22. Qc2 Ba6 23. Nd7 Rb5 24. Nc5 Bb7 25. Rc1 Rbxc5 26. dxc5 Qxc5 27. Qd2 g6
28. Rff1 h6 29. gxh6 Qh5 30. Qd4 Qxh6 31. Kh2 Qh4 32. Rxc4 Rd8 33. Qc3 Ba6 34.
b3 Rd3 35. Rc8+ Bxc8 36. Qxc8+ Kg7 37. Qc1 e5 38. fxe5 Qg5 39. Qb2 Rxe3 40. e6+
f6 41. Qg2 Qe5+ 42. Kh1 Qxe6 43. Kh2 Qe5+ 44. Kh1 Rg3 45. Qh2 e3 0-1

[Event "Viktor Kupreichik Memorial Rapid Open"]
[Site "Minsk"]
[Date "2018.06.21"]
[Round "2.2"]
[White "Andreikin, Dmitry"]
[Black "Katashuk, Uladzislau"]
[Result "1-0"]
[WhiteElo "2733"]
[BlackElo "2149"]
[PlyCount "53"]
[EventDate "2018.06.21"]
[EventType "swiss"]
[EventRounds "11"]
[EventCountry "BLR"]
[WhiteTeam "Ðîññèÿ"]
[BlackTeam "Áåëîðóññèÿ"]
[WhiteTeamCountry "RUS"]
[BlackTeamCountry "BLR"]

1. e4 e5 2. Nf3 Nc6 3. Bb5 Nge7 4. O-O g6 5. c3 Bg7 6. d4 exd4 7. cxd4 d5 8.
exd5 Nxd5 9. Re1+ Be6 10. Bg5 Qd6 11. Nbd2 O-O 12. Ne4 Qb4 13. Bxc6 bxc6 14.
Qc1 Rab8 15. b3 Bxd4 16. Nxd4 Qxd4 17. Qxc6 Rb6 18. Qc1 a5 19. Qa3 Bf5 20. Rad1
Qb4 21. Qxb4 Nxb4 22. Nf6+ Kg7 23. Ne8+ Kh8 24. Bh6 Rg8 25. Rd8 Nc6 26. Bg7+
Rxg7 27. Nf6+ 1-0

[Event "Viktor Kupreichik Memorial Rapid Open"]
[Site "Minsk"]
[Date "2018.06.21"]
[Round "2.3"]
[White "Mamedov, Rauf"]
[Black "Sirotkina, Nina"]
[Result "1-0"]
[WhiteElo "2711"]
[BlackElo "2116"]
[PlyCount "87"]
[EventDate "2018.06.21"]
[EventType "swiss"]
[EventRounds "11"]
[EventCountry "BLR"]
[WhiteTeam "Àçåéðáàäæàí"]
[BlackTeam "Ðîññèÿ"]
[WhiteTeamCountry "AZE"]
[BlackTeamCountry "RUS"]

1. e4 c5 2. Nf3 e6 3. d4 cxd4 4. Nxd4 Nf6 5. Nc3 d6 6. g4 h6 7. h4 Be7 8. Bg2
Nfd7 9. g5 hxg5 10. hxg5 Rxh1+ 11. Bxh1 g6 12. Qg4 Ne5 13. Qh4 Nbc6 14. Nxc6
Nxc6 15. Be3 Qa5 16. O-O-O Bd7 17. Qh8+ Bf8 18. Kb1 O-O-O 19. Qf6 Ne5 20. Bc1
Be8 21. f4 Nd7 22. Qd4 Qc5 23. Qd3 a6 24. Be3 Qa5 25. Qc4+ Qc7 26. Qd4 Nc5 27.
Bg2 Bc6 28. Bh3 Kb8 29. b4 Nd7 30. Nd5 exd5 31. Qa7+ Kc8 32. Bb6 Qb8 33. Qxb8+
Kxb8 34. Bxd8 dxe4 35. Rh1 Ka7 36. Bg4 d5 37. a3 Bd6 38. Rh7 Nb6 39. Bxb6+ Kxb6
40. Rxf7 d4 41. f5 gxf5 42. Bxf5 e3 43. Bd3 Be4 44. Bxe4 1-0

[Event "Viktor Kupreichik Memorial Rapid Open"]
[Site "Minsk"]
[Date "2018.06.21"]
[Round "2.4"]
[White "Badelka, Olga"]
[Black "Kovalev, Vladislav"]
[Result "1/2-1/2"]
[WhiteElo "2153"]
[BlackElo "2631"]
[PlyCount "101"]
[EventDate "2018.06.21"]
[EventType "swiss"]
[EventRounds "11"]
[EventCountry "BLR"]
[WhiteTeam "Áåëîðóññèÿ"]
[BlackTeam "Áåëîðóññèÿ"]
[WhiteTeamCountry "BLR"]
[BlackTeamCountry "BLR"]

1. d4 Nf6 2. c4 g6 3. Nc3 Bg7 4. e4 d6 5. Nge2 O-O 6. Ng3 e5 7. d5 h5 8. Bg5
Qe8 9. h4 Na6 10. Be2 Bd7 11. Qd2 Nh7 12. Bh6 Qe7 13. Bxg7 Kxg7 14. Nf1 Nc5 15.
Ne3 a5 16. O-O-O Nf6 17. f3 Rh8 18. Qc2 Ng8 19. g3 Rf8 20. Rde1 Nh6 21. g4 Ng8
22. g5 f5 23. exf5 Bxf5 24. Nxf5+ gxf5 25. a3 Qf7 26. b4 axb4 27. axb4 Na6 28.
Qb2 Ne7 29. f4 Ng6 30. fxe5 dxe5 31. c5 Nb8 32. Bf3 Nd7 33. Nb5 Kg8 34. Bd1 Nf4
35. Re3 Kh7 36. Bb3 Qg7 37. Rd1 Ng6 38. Nxc7 Nxc5 39. Ne6 Nxe6 40. dxe6 Rc8+
41. Kb1 Rhd8 42. Red3 Rxd3 43. Rxd3 Rc7 44. Qd2 Re7 45. Rd7 e4 46. Qd1 Nf4 47.
Qd6 Ng6 48. Qd1 Nf4 49. Qd6 Ng6 50. Qd1 Nf4 51. Qf1 1/2-1/2

[Event "Viktor Kupreichik Memorial Rapid Open"]
[Site "Minsk"]
[Date "2018.06.21"]
[Round "2.5"]
[White "Aleksandrov, Aleksej"]
[Black "Vashchilov, Sergey"]
[Result "1/2-1/2"]
[WhiteElo "2597"]
[BlackElo "2087"]
[PlyCount "123"]
[EventDate "2018.06.21"]
[EventType "swiss"]
[EventRounds "11"]
[EventCountry "BLR"]
[WhiteTeam "Áåëîðóññèÿ"]
[BlackTeam "Áåëîðóññèÿ"]
[WhiteTeamCountry "BLR"]
[BlackTeamCountry "BLR"]

1. d4 e6 2. c4 d5 3. Nc3 Nf6 4. cxd5 exd5 5. Bg5 c6 6. e3 Nbd7 7. Bd3 Be7 8.
Qc2 Nh5 9. Bxe7 Qxe7 10. Nf3 Nf4 11. Bf1 Nb6 12. O-O-O Nh5 13. h3 g6 14. Bd3
Be6 15. g4 Ng7 16. Ne2 O-O-O 17. Nf4 Kb8 18. Nxe6 Qxe6 19. Nd2 Rc8 20. Nb3 h5
21. g5 h4 22. Rdg1 Nd7 23. Rg4 Qe7 24. Kb1 Ne6 25. Rhg1 c5 26. dxc5 Ndxc5 27.
Nxc5 Nxc5 28. Qe2 Rh5 29. a3 Ne4 30. Bxe4 dxe4 31. Qb5 Qc7 32. Rf4 f5 33. Ka2
a6 34. Qb3 Rd8 35. f3 exf3 36. Rxf3 Qe5 37. Rf4 Rh7 38. Rc1 Rh5 39. Qb6 Rd6 40.
Qc7+ Ka7 41. Rb4 Qe6+ 42. Rcc4 Rb6 43. Rxb6 Qxb6 44. Qe5 Rxg5 45. Rb4 Qd8 46.
Rd4 Qg8+ 47. Rd5 Rg1 48. Qd4+ Kb8 49. a4 Rc1 50. b3 Rc2+ 51. Kb1 Rc8 52. Ka2
Rc2+ 53. Ka3 Qf8+ 54. b4 Rc8 55. Rd7 Qe8 56. Kb2 Qe6 57. b5 axb5 58. axb5 Qc4
59. Qxc4 Rxc4 60. Rg7 Rb4+ 61. Kc3 Rxb5 62. Rxg6 1/2-1/2

[Event "Viktor Kupreichik Memorial Rapid Open"]
[Site "Minsk"]
[Date "2018.06.21"]
[Round "2.6"]
[White "Maslak, Alexander"]
[Black "Fedorov, Alexei"]
[Result "0-1"]
[WhiteElo "2127"]
[BlackElo "2577"]
[PlyCount "64"]
[EventDate "2018.06.21"]
[EventType "swiss"]
[EventRounds "11"]
[EventCountry "BLR"]
[WhiteTeam "Ðîññèÿ"]
[BlackTeam "Áåëîðóññèÿ"]
[WhiteTeamCountry "RUS"]
[BlackTeamCountry "BLR"]

1. e4 c5 2. Nf3 Nc6 3. d4 cxd4 4. Nxd4 Qb6 5. Nb3 Nf6 6. Nc3 e6 7. Be3 Qc7 8.
a3 a6 9. f4 d6 10. Qf3 b5 11. Bd3 Bb7 12. O-O Be7 13. Rae1 b4 14. axb4 Nxb4 15.
Qg3 g6 16. e5 Nfd5 17. Bd4 O-O 18. Ne4 dxe5 19. fxe5 Nxd3 20. cxd3 Nb4 21. Rc1
Qd7 22. Nf6+ Bxf6 23. exf6 Qd5 24. Rf2 Qxb3 25. Qe3 Kh8 26. Qh6 Rg8 27. Rc7 e5
28. Bc5 Nxd3 29. Rxb7 Qxb7 30. Rf3 Qxf3 31. gxf3 Nxc5 32. Qe3 Nd7 0-1

[Event "Viktor Kupreichik Memorial Rapid Open"]
[Site "Minsk"]
[Date "2018.06.21"]
[Round "2.7"]
[White "Meshkovs, Nikita"]
[Black "Runets, Ivan"]
[Result "1-0"]
[WhiteElo "2572"]
[BlackElo "2027"]
[PlyCount "71"]
[EventDate "2018.06.21"]
[EventType "swiss"]
[EventRounds "11"]
[EventCountry "BLR"]
[WhiteTeam "Ëàòâèÿ"]
[BlackTeam "Áåëîðóññèÿ"]
[WhiteTeamCountry "LAT"]
[BlackTeamCountry "BLR"]

1. c4 c5 2. Nf3 Nf6 3. Nc3 Nc6 4. d4 cxd4 5. Nxd4 d6 6. g3 g6 7. Bg2 Bd7 8. b3
Bg7 9. Bb2 O-O 10. O-O Qa5 11. e3 Rab8 12. Re1 Rfe8 13. a3 Qh5 14. Qxh5 Nxh5
15. Rad1 a6 16. Nd5 e5 17. Ne2 Red8 18. Nb6 Be6 19. Rd2 Nf6 20. Red1 Ne8 21. b4
f6 22. Nc3 Bf8 23. Ncd5 Kf7 24. h3 Ne7 25. f4 Nxd5 26. cxd5 Bd7 27. Rc1 Be7 28.
Rf2 Kg8 29. a4 Bf8 30. e4 Bh6 31. Rcc2 Ng7 32. Rc7 Be8 33. Kh2 Nh5 34. Bc1 Ng7
35. g4 g5 36. fxe5 1-0

[Event "Viktor Kupreichik Memorial Rapid Open"]
[Site "Minsk"]
[Date "2018.06.21"]
[Round "2.9"]
[White "Notkin, Maksim"]
[Black "Kaliadzich, Maryia"]
[Result "1-0"]
[WhiteElo "2455"]
[BlackElo "2021"]
[PlyCount "75"]
[EventDate "2018.06.21"]
[EventType "swiss"]
[EventRounds "11"]
[EventCountry "BLR"]
[WhiteTeam "Ðîññèÿ"]
[BlackTeam "Áåëîðóññèÿ"]
[WhiteTeamCountry "RUS"]
[BlackTeamCountry "BLR"]

1. d4 d5 2. c4 c6 3. Nf3 Nf6 4. Nc3 e6 5. e3 Nbd7 6. Be2 dxc4 7. a4 Bd6 8. Nd2
O-O 9. Nxc4 Bb8 10. O-O e5 11. Bf3 exd4 12. exd4 Nb6 13. Ne5 Nfd5 14. a5 Nxc3
15. bxc3 Nd5 16. c4 Ne7 17. a6 Ng6 18. axb7 Bxb7 19. Ba3 Re8 20. Bxc6 Bxe5 21.
Bxb7 Bxh2+ 22. Kxh2 Qc7+ 23. Kg1 Qxb7 24. d5 Red8 25. Qd4 f6 26. Rfd1 h5 27. c5
Ne5 28. c6 Qc7 29. Rac1 Qf7 30. c7 Re8 31. Bd6 Qd7 32. Bxe5 Rxe5 33. d6 Rc8 34.
Re1 Rg5 35. Re7 Qh3 36. Qe4 Qa3 37. Qe6+ Kh7 38. Re1 1-0

[Event "Viktor Kupreichik Memorial Rapid Open"]
[Site "Minsk"]
[Date "2018.06.21"]
[Round "2.10"]
[White "Sarbay, Aleksandr"]
[Black "Shevchenko, Kirill"]
[Result "0-1"]
[WhiteElo "2045"]
[BlackElo "2432"]
[PlyCount "82"]
[EventDate "2018.06.21"]
[EventType "swiss"]
[EventRounds "11"]
[EventCountry "BLR"]
[WhiteTeam "Áåëîðóññèÿ"]
[BlackTeam "Óêðàèíà"]
[WhiteTeamCountry "BLR"]
[BlackTeamCountry "UKR"]

1. e4 c5 2. Nf3 d6 3. Bb5+ Nd7 4. d4 cxd4 5. Qxd4 a6 6. Bxd7+ Bxd7 7. Bg5 Rc8
8. Nc3 h6 9. Bh4 e5 10. Qd3 g5 11. Bg3 Nf6 12. O-O-O Qa5 13. Kb1 Be7 14. h4 g4
15. Nd2 Be6 16. Nb3 Qc7 17. f4 gxf3 18. gxf3 Bc4 19. Qe3 b5 20. Rd2 Nh5 21. f4
Rg8 22. Bh2 Nf6 23. Nd5 Bxd5 24. exd5 Ng4 25. Qe4 Qc4 26. Qh7 Nf6 27. Qf5 Ne4
28. Re2 Qxe2 29. Qxc8+ Bd8 30. Qc6+ Kf8 31. fxe5 Qg2 32. Re1 Qxh2 33. exd6 Nxd6
34. Nc5 Rg1 35. Nd3 Rxe1+ 36. Nxe1 Bxh4 37. Nd3 Qg1+ 38. Nc1 Nc4 39. Qxh6+ Kg8
40. Qf4 Bg5 41. Qb8+ Kg7 0-1

[Event "Viktor Kupreichik Memorial Rapid Open"]
[Site "Minsk"]
[Date "2018.06.21"]
[Round "2.11"]
[White "Bernotas, Arturs"]
[Black "Romanovskij, Nikita"]
[Result "1-0"]
[WhiteElo "2410"]
[BlackElo "1990"]
[PlyCount "121"]
[EventDate "2018.06.21"]
[EventType "swiss"]
[EventRounds "11"]
[EventCountry "BLR"]
[WhiteTeam "Ëàòâèÿ"]
[BlackTeam "Áåëîðóññèÿ"]
[WhiteTeamCountry "LAT"]
[BlackTeamCountry "BLR"]

1. e4 e5 2. Nf3 Nf6 3. Nxe5 d6 4. Nf3 Nxe4 5. d4 d5 6. Bd3 Nc6 7. O-O Be7 8. c3
O-O 9. Re1 Bf5 10. Bf4 Qd7 11. Qc2 Bg6 12. Nbd2 Nxd2 13. Qxd2 a6 14. Re3 Bd6
15. Bxd6 Qxd6 16. Rae1 Qd7 17. Bxg6 hxg6 18. Qe2 f6 19. Nh4 Kf7 20. Qd3 f5 21.
Nf3 Rae8 22. Ng5+ Kg8 23. Kf1 Nd8 24. Rxe8 Rxe8 25. Rxe8+ Qxe8 26. Qh3 Nf7 27.
Qh7+ Kf8 28. Qxg6 Nxg5 29. Qxg5 Qb5+ 30. Ke1 Qxb2 31. Qxf5+ Ke7 32. Qe5+ Kf8
33. Qf5+ Ke7 34. Qg5+ Ke8 35. Qh5+ Ke7 36. Qe2+ Qxe2+ 37. Kxe2 b6 38. f4 c5 39.
Ke3 c4 40. g4 a5 41. a4 Kf6 42. h4 g6 43. g5+ Ke6 44. Ke2 Kf7 45. Kf3 b5 46.
axb5 a4 47. b6 a3 48. b7 a2 49. b8=Q a1=Q 50. Qb7+ Kf8 51. Qc8+ Ke7 52. Qc7+
Ke8 53. Qe5+ Kf8 54. Qf6+ Ke8 55. Qxg6+ Kd7 56. Qf7+ Kc8 57. Kg4 Qxc3 58. g6
Qxd4 59. g7 Qd1+ 60. Kg5 Qg1+ 61. Kh6 1-0

[Event "Viktor Kupreichik Memorial Rapid Open"]
[Site "Minsk"]
[Date "2018.06.21"]
[Round "3.1"]
[White "Korobov, Anton"]
[Black "Sihite, Chelsie Monica Igne"]
[Result "1-0"]
[WhiteElo "2736"]
[BlackElo "2236"]
[PlyCount "69"]
[EventDate "2018.06.21"]
[EventType "swiss"]
[EventRounds "11"]
[EventCountry "BLR"]
[WhiteTeam "Óêðàèíà"]
[BlackTeam "Èíäîíåçèÿ"]
[WhiteTeamCountry "UKR"]
[BlackTeamCountry "INA"]

1. d4 Nf6 2. c4 e6 3. Nc3 Bb4 4. Qc2 d5 5. a3 Bxc3+ 6. Qxc3 Ne4 7. Qc2 c5 8.
dxc5 Nc6 9. e3 Qa5+ 10. Bd2 Nxd2 11. Qxd2 Qxc5 12. cxd5 exd5 13. Rc1 Qb6 14.
Nf3 O-O 15. Be2 Bg4 16. O-O Rad8 17. h3 Bh5 18. Rfd1 Rfe8 19. g4 Bg6 20. Nd4
Ne7 21. Qb4 Qxb4 22. axb4 Rc8 23. b5 Kf8 24. Ra1 Ra8 25. Ra3 Nc8 26. Rda1 Ke7
27. h4 h6 28. h5 Bh7 29. f3 Kd6 30. Kf2 Kc5 31. b4+ Kb6 32. Rc1 Ne7 33. Nb3 a6
34. Nc5 Rec8 35. Nd7+ 1-0

[Event "Viktor Kupreichik Memorial Rapid Open"]
[Site "Minsk"]
[Date "2018.06.21"]
[Round "3.2"]
[White "Cherepov, Alexej"]
[Black "Andreikin, Dmitry"]
[Result "0-1"]
[WhiteElo "2234"]
[BlackElo "2733"]
[PlyCount "48"]
[EventDate "2018.06.21"]
[EventType "swiss"]
[EventRounds "11"]
[EventCountry "BLR"]
[WhiteTeam "Áåëîðóññèÿ"]
[BlackTeam "Ðîññèÿ"]
[WhiteTeamCountry "BLR"]
[BlackTeamCountry "RUS"]

1. d4 d5 2. c4 c6 3. Nc3 Nf6 4. Nf3 a6 5. a4 e6 6. g3 dxc4 7. Bg2 c5 8. dxc5
Qxd1+ 9. Nxd1 Bxc5 10. Ne5 Nd5 11. O-O Nc6 12. Nxc4 Bd7 13. b3 Nd4 14. e4 Nxb3
15. Rb1 Nxc1 16. exd5 Ne2+ 17. Kh1 Rb8 18. a5 Bb5 19. Nd2 Bd3 20. Rb3 Nc1 21.
Rc3 Bb4 22. Rxc1 Bxd2 23. Rc7 Bxf1 24. Bxf1 Bxa5 0-1

[Event "Viktor Kupreichik Memorial Rapid Open"]
[Site "Minsk"]
[Date "2018.06.21"]
[Round "3.3"]
[White "Mamedov, Rauf"]
[Black "Nigmatov, Ortik"]
[Result "1/2-1/2"]
[WhiteElo "2711"]
[BlackElo "2210"]
[PlyCount "104"]
[EventDate "2018.06.21"]
[EventType "swiss"]
[EventRounds "11"]
[EventCountry "BLR"]
[WhiteTeam "Àçåéðáàäæàí"]
[BlackTeam "Óçáåêèñòàí"]
[WhiteTeamCountry "AZE"]
[BlackTeamCountry "UZB"]

1. e4 c5 2. Nf3 e6 3. b3 d6 4. Bb2 e5 5. c3 f5 6. d4 fxe4 7. Nfd2 Bf5 8. dxe5
d5 9. c4 d4 10. Qe2 Qc7 11. g4 Bg6 12. Nxe4 Qxe5 13. Bg2 Nc6 14. f4 Qxf4 15.
Nxc5+ Qe3 16. Qxe3+ dxe3 17. Ne6 Bb4+ 18. Ke2 Ke7 19. Nc7 Rf8 20. Nd5+ Kd6 21.
Nxe3 Nf6 22. Na3 Re8 23. Nb5+ Kd7 24. Rad1+ Kc8 25. Bxf6 gxf6 26. Nd6+ Bxd6 27.
Rxd6 Nb4 28. Kd2 Rd8 29. Rxd8+ Rxd8+ 30. Nd5 Bf7 31. Rf1 Nxd5 32. cxd5 Bxd5 33.
Bxd5 Rxd5+ 34. Ke3 h5 35. Rxf6 hxg4 36. Rh6 Kc7 37. Rh4 Re5+ 38. Kf2 Rc5 39.
Rxg4 Rc2+ 40. Kg3 Rxa2 41. h4 Rb2 42. b4 Rb3+ 43. Kf2 Rb2+ 44. Ke3 Rb3+ 45. Kd2
Rh3 46. Rg7+ Kb6 47. Rh7 a5 48. bxa5+ Kxa5 49. h5 b5 50. h6 b4 51. Kc2 Ka6 52.
Rh8 Ka7 1/2-1/2